000 00685nam a2200193Ia 4500
003 GCL
008 140319s9999 xx 000 0 ara d
040 _aGCL /
_cGCL
082 0 4 _a784.306
_bم م
100 1 _aمحمود حمدى البولاقى
245 1 0 _aالمغنى المصرى وصور مشاهير ملحنين الاغانى /
_cمحمود حمدى البولاقى
700 1 _aعبدالفتاح حمدى البولاقى
300 _a224 ص
490 _aالهيئة العامة للاستعلامات
_v0
650 0 4 _aالاغانى المصرية
650 0 4 _aالاغانى العربية
650 0 4 _aالاغانى - مجموعات
942 _2ddc
_cBK
999 _c49534
_d49534